000 01429cam a22001934a 4500
005 20250605164021.0
008 250528s ||||||||||||||||||||||||d
035 _a16355
040 _aGR-AtMCL
_bgre
_dGR-AtMCL
_eAACR2
245 1 _aEquipotential Space / Freedom in Architecture
260 _bPraeger Publishers,
_c1970
300 _a144
505 0 _aAcknowledgements, Introduction, Architecture as a Cultural Function, The Change of Scale: Challenge, The Change of Scale: Response, The Image of the Future: Mass Culture, Technology as the Medium Technical Appendix, The Dilemma of Standards: Quality in Quantity, The Solution: Equipotential Space Technical Appendix, The Solution: Technical Means Technical Appendix, The Solution: Proposals Technical Appendix, The Forms of Freedom on an Urban Scale Technical Appendix, Conclusion.
520 _aAcknowledgements, Introduction, Architecture as a Cultural Function, The Change of Scale: Challenge, The Change of Scale: Response, The Image of the Future: Mass Culture, Technology as the Medium Technical Appendix, The Dilemma of Standards: Quality in Quantity, The Solution: Equipotential Space Technical Appendix, The Solution: Technical Means Technical Appendix, The Solution: Proposals Technical Appendix, The Forms of Freedom on an Urban Scale Technical Appendix, Conclusion.
700 1 _aSeverino Renato
_92448
942 _cBK
999 _c1865
_d1865